Memorias de una emigración (Record no. 179024)

MARC details
000 -LEADER
campo de control de longitud fija 01317nam a2200325 i 4500
001 - NÚMERO DE CONTROL
campo de control 179024
003 - IDENTIFICADOR DE NÚMERO DE CONTROL
campo de control ES-MaACL
005 - FECHA Y HORA DE LA ÚLTIMA TRANSACCIÓN
campo de control 20250706063014.0
008 - DATOS DE LONGITUD FIJA--INFORMACIÓN GENERAL
campo de control de longitud fija 110823s2006 sp aco |||| |dspa d
020 ## - NÚMERO INTERNACIONAL ESTÁNDAR DEL LIBRO
Número Internacional Estándar del Libro 84-8472-278-3
080 ## - NÚMERO DE LA CLASIFICACIÓN DECIMAL UNIVERSAL
Número de la Clasificación Decimal Universal 308-054.72(=1.460:729.3)
080 ## - NÚMERO DE LA CLASIFICACIÓN DECIMAL UNIVERSAL
Número de la Clasificación Decimal Universal 929-054.72(=1.460:729.3):008
100 1# - ENTRADA PRINCIPAL--NOMBRE DE PERSONA
Nombre de persona Llorens, Vicente,
Fechas asociadas al nombre 1906-1979
9 (RLIN) 72884
245 10 - MENCIÓN DEL TÍTULO
Título Memorias de una emigración
Resto del título : Santo Domingo, 1939-1945 /
Mención de responsabilidad, etc. Vicente Llorens ; edición, estudio introductorio y notas de Manuel Aznar Soler.
260 ## - PUBLICACIÓN, DISTRIBUCIÓN, ETC.
Lugar de publicación, distribución, etc. Sevilla :
Nombre del editor, distribuidor, etc. Renacimiento,
Fecha de publicación, distribución, etc. 2006.
300 ## - DESCRIPCIÓN FÍSICA
Extensión 343 p. :
Otras características físicas il., retr. ;
Dimensiones 22 cm.
490 1# - MENCIÓN DE SERIE
Mención de serie Biblioteca del exilio ;
Designación de volumen o secuencia 27
500 ## - NOTA GENERAL
Nota general Índice onomástico.
504 ## - NOTA DE BIBLIOGRAFÍA, ETC.
Nota de bibliografía, etc. Bibliografía: p. 63-74, 333-342.
650 #7 - PUNTO DE ACCESO ADICIONAL DE MATERIA--TÉRMINO DE MATERIA
Término de materia o nombre geográfico como elemento de entrada Españoles-
Subdivisión geográfica República Dominicana.
9 (RLIN) 147687
651 #7 - PUNTO DE ACCESO ADICIONAL DE MATERIA--NOMBRE GEOGRÁFICO
Nombre geográfico España-
Subdivisión general Historia-
Subdivisión cronológica 1936-1939, Guerra civil-
Subdivisión general Refugiados
Fuente del encabezamiento o término
9 (RLIN) 147688
651 #7 - PUNTO DE ACCESO ADICIONAL DE MATERIA--NOMBRE GEOGRÁFICO
Nombre geográfico República Dominicana-
Subdivisión general Historia-
Subdivisión cronológica 1930-1961.
9 (RLIN) 155367
700 1# - ENTRADA AGREGADA--NOMBRE PERSONAL
Nombre de persona Aznar Soler, Manuel.
9 (RLIN) 24318
710 2# - ENTRADA AGREGADA--NOMBRE DE ENTIDAD CORPORATIVA
Nombre de entidad corporativa o nombre de jurisdicción como elemento de entrada Biblioteca Valenciana.
9 (RLIN) 139003
830 0# - PUNTO DE ACCESO ADICIONAL DE SERIE-TÍTULO UNIFORME
Título uniforme Biblioteca del exilio ;
Designación de volumen o secuencia 27
9 (RLIN) 180374
852 ## - LOCALIZACIÓN
Ubicación ES-MaACL
Número de control de estantería A-11404
itemnumber 185893
Sublocalización o colección R.145758
Ubicación en estantería Depósito 1
Signatura antigua Olim: N-4408
Encuadernación Donación: José Esteban
903 ## - NOMBRE PERSONAL DE DONANTE
a Esteban, José,
d 1935-
e Donante
9 48033
942 ## - ELEMENTOS DE ENTRADA SECUNDARIOS (KOHA)
Fuente del sistema de clasificación o colocación Clasificación decimal universal
Tipo de ítem Koha Libro impreso
Holdings
Estatus retirado Estado de pérdida Fuente del sistema de clasificación o colocación Estado de daño No para préstamo Biblioteca de origen Biblioteca actual Ubicación en estantería Fecha de adquisición Fuente de adquisición Total de préstamos Signatura topográfica completa Código de barras Visto por última vez Precio de reemplazo Tipo de ítem Koha
    Clasificación decimal universal     Biblioteca del Ateneo de Madrid Biblioteca del Ateneo de Madrid Depósito 1 23/08/2011 Donación   A-11404 1188054 23/02/2023 23/02/2023 Libro impreso